Statystyki dla Polskie lotniska według ilości pasażerów w roku 2021

Kliknij tutaj aby rozwiązać quiz!

Ogólne statystyki

  • Ten quiz został rozwiązany 31 razy
    (11 od ostatniego zresetowania)
  • Średni wynik to 6 z 15

Statystyki odpowiedzi

PasażerówLotnisko% Poprawnych
3065957Kraków
90%
2311586Katowice
80%
2140552Gdańsk
70%
0Radom
50%
107423Lublin
40%
1409067Wrocław
40%
1045751Poznań
30%
253210Rzeszów
30%
181849Szczecin
30%
1455315Warszawa Modlin
30%
20596Zielona Góra
30%
95118Bydgoszcz
20%
69296Łódź
20%
47049Olsztyn
20%
7445468Warszawa Okęcie
20%

Rozkład punktacji

Percentyl według liczby udzielonych odpowiedzi

Procent ludzi z każdym wynikiem

Twoja historia wyników

Nie rozwiązałeś tego quizu od ostatniego zresetowania